60th Euroconstruct Conference (Record no. 105196)

MARC details
000 -LEADER
fixed length control field 01491cam a2200433 4500
001 - CONTROL NUMBER
control field ##L132617
008 - FIXED-LENGTH DATA ELEMENTS--GENERAL INFORMATION
fixed length control field 051216n2005 000 0 eng u
020 ## - INTERNATIONAL STANDARD BOOK NUMBER
International Standard Book Number 8478534881
035 ## - SYSTEM CONTROL NUMBER
System control number (Sirsi) u132617
041 0# - LANGUAGE CODE
Language code of text/sound track or separate title eng
050 ## - LIBRARY OF CONGRESS CALL NUMBER
Classification number 338.4369094 $2 18
110 2# - MAIN ENTRY--CORPORATE NAME
Corporate name or jurisdiction name as entry element Euroconstruct Conference
Subordinate unit (60th: 2005. Barcelona)
9 (RLIN) 4895
245 00 - TITLE STATEMENT
Title 60th Euroconstruct Conference
Remainder of title Barcelona 2005
260 ## - PUBLICATION, DISTRIBUTION, ETC.
Place of publication, distribution, etc. Barcelona
Name of publisher, distributor, etc. The Catalonia Institute of Construction Technology
Date of publication, distribution, etc. 2005
300 ## - PHYSICAL DESCRIPTION
Extent 2
Type of unit v.
Dimensions 30cm.
505 2# - FORMATTED CONTENTS NOTE
Formatted contents note Country Reports: Austria -- Belgium -- Czech Republic -- Denmark -- Finland -- France -- Germany -- Hungary -- Ireland -- Italy -- Netherlands -- Norway -- Poland -- Portugal -- Slovak Republic -- Spain -- Sweden -- Switzerland -- United Kingdom
505 2# - FORMATTED CONTENTS NOTE
Formatted contents note Summary report: The Euroconstruct network -- Prospects for the European economy -- Prospects for the European construction market -- Special topic: focus on renovation
651 #4 - SUBJECT ADDED ENTRY--GEOGRAPHIC NAME
Geographic name AUSTRIA
651 #4 - SUBJECT ADDED ENTRY--GEOGRAPHIC NAME
Geographic name BELGIUM
651 #4 - SUBJECT ADDED ENTRY--GEOGRAPHIC NAME
Geographic name CZECH REPUBLIC
651 #4 - SUBJECT ADDED ENTRY--GEOGRAPHIC NAME
Geographic name DENMARK
651 #4 - SUBJECT ADDED ENTRY--GEOGRAPHIC NAME
Geographic name FINLAND
651 #4 - SUBJECT ADDED ENTRY--GEOGRAPHIC NAME
Geographic name FRANCE
651 #4 - SUBJECT ADDED ENTRY--GEOGRAPHIC NAME
Geographic name GERMANY
651 #4 - SUBJECT ADDED ENTRY--GEOGRAPHIC NAME
Geographic name HUNGARY
651 #4 - SUBJECT ADDED ENTRY--GEOGRAPHIC NAME
Geographic name IRELAND
651 #4 - SUBJECT ADDED ENTRY--GEOGRAPHIC NAME
Geographic name ITALY
651 #4 - SUBJECT ADDED ENTRY--GEOGRAPHIC NAME
Geographic name NETHERLANDS
651 #4 - SUBJECT ADDED ENTRY--GEOGRAPHIC NAME
Geographic name NORWAY
651 #4 - SUBJECT ADDED ENTRY--GEOGRAPHIC NAME
Geographic name POLAND
651 #4 - SUBJECT ADDED ENTRY--GEOGRAPHIC NAME
Geographic name PORTUGAL
651 #4 - SUBJECT ADDED ENTRY--GEOGRAPHIC NAME
Geographic name SLOVAK REPUBLIC
651 #4 - SUBJECT ADDED ENTRY--GEOGRAPHIC NAME
Geographic name SPAIN
651 #4 - SUBJECT ADDED ENTRY--GEOGRAPHIC NAME
Geographic name SWEDEN
651 #4 - SUBJECT ADDED ENTRY--GEOGRAPHIC NAME
Geographic name SWITZERLAND
651 #4 - SUBJECT ADDED ENTRY--GEOGRAPHIC NAME
Geographic name United Kingdom
Chronological subdivision
690 ## - LOCAL SUBJECT ADDED ENTRY--TOPICAL TERM (OCLC, RLIN)
Topical term or geographic name as entry element BUILT ENVIRONMENT-CONSTRUCTION MARKET
942 ## - ADDED ENTRY ELEMENTS (KOHA)
Suppress in OPAC 0
Holdings
Withdrawn status Lost status Source of classification or shelving scheme Damaged status Not for loan Home library Current library Shelving location Date acquired Total Checkouts Full call number Barcode Date last seen Copy number Price effective from Koha item type
    Dewey Decimal Classification     London London Folio 03/03/2006   F338.4369094 EUR 30072759 06/08/2019 1 06/08/2019 Reference material
    Dewey Decimal Classification     London London Folio 03/03/2006   F338.4369094 EUR 30072758 06/08/2019 2 06/08/2019 Reference material